000 00245nam a22001217a 4500
008 171002b xxu||||| |||| 00| 0 eng d
041 _aeng
080 _a7
100 _a40
101 _aART
245 _aCEZANNE
_cJEWELL,E.A
942 _2udc
_cBK
999 _c31081
_d31081